Environmental science : (Record no. 11000)

MARC details
000 -LEADER
fixed length control field 00994cam a2200289 a 4500
001 - CONTROL NUMBER
control field 3354102
003 - CONTROL NUMBER IDENTIFIER
control field URS
005 - DATE AND TIME OF LATEST TRANSACTION
control field 20220117100154.0
008 - FIXED-LENGTH DATA ELEMENTS--GENERAL INFORMATION
fixed length control field 860528s1987 njua b 001 0 eng
010 ## - LIBRARY OF CONGRESS CONTROL NUMBER
LC control number 86091496
020 ## - INTERNATIONAL STANDARD BOOK NUMBER
International Standard Book Number 013283037X
040 ## - CATALOGING SOURCE
Original cataloging agency URS
Transcribing agency URS
Modifying agency DLC
Language of cataloging eng
Description conventions rda
050 00 - LIBRARY OF CONGRESS CALL NUMBER
Classification number QH541
Item number .N39 1987
100 ## - MAIN ENTRY--PERSONAL NAME
Personal name Nebel, Bernard J.
Relator term author
245 10 - TITLE STATEMENT
Title Environmental science :
Remainder of title the way the world works /
Statement of responsibility, etc. Bernard J. Nebel ; with editorial assistance by Edward J. Kormondy ; with writing assistance by Nancy K. Minkoff.
250 ## - EDITION STATEMENT
Edition statement 2nd ed.
260 ## - PUBLICATION, DISTRIBUTION, ETC.
Place of publication, distribution, etc. Englewood Cliffs, New Jersey :
Name of publisher, distributor, etc. Prentice-Hall,
Date of publication, distribution, etc. ©1987.
300 ## - PHYSICAL DESCRIPTION
Extent xv, 671 pages :
Other physical details illustrations ;
Dimensions 26 cm
500 ## - GENERAL NOTE
General note Includes index.
504 ## - BIBLIOGRAPHY, ETC. NOTE
Bibliography, etc. note Bibliography: p. 628-633.
650 #0 - SUBJECT ADDED ENTRY--TOPICAL TERM
Topical term or geographic name entry element Ecology.
650 #0 - SUBJECT ADDED ENTRY--TOPICAL TERM
Topical term or geographic name entry element Environmental sciences.
700 ## - ADDED ENTRY--PERSONAL NAME
Personal name Kormondy, Edward John,
Dates associated with a name 1926-
Relator term author
700 ## - ADDED ENTRY--PERSONAL NAME
Personal name Minkoff, Nancy K.
Relator term author
906 ## - LOCAL DATA ELEMENT F, LDF (RLIN)
a 7
b cbc
c orignew
d 1
e opcn
f 19
g y-gencatlg
942 ## - ADDED ENTRY ELEMENTS (KOHA)
Source of classification or shelving scheme Library of Congress Classification
Koha item type Foreign Books
Holdings
Withdrawn status Source of classification or shelving scheme Damaged status Not for loan Collection code Home library Current library Shelving location Date acquired Source of acquisition Total Checkouts Full call number Barcode Date last seen Copy number Price effective from Koha item type
  Library of Congress Classification     Non-fiction Taytay College Library Taytay College Library On Display 03/13/2019 Donation   QH541 .N39 1987 URSTAY-882 06/04/2025 1 10/30/2020 Foreign Books

University of Rizal System
Email us at univlibservices@urs.edu.ph

Visit our Website www.urs.edu.ph/library